00399nam a2200157 a 450000100060000000300090000600800410001502000150005604000280007108200160009910000230011524500300013826000450016830000110021365000170022418183CO-ViMGA141112s2004 ck r 000 u spa d a9501740110 aCO-ViMGAbspacCO-ViMGA04a615.5 M199q1 aMazzoni, Magdalena10a¿Que es la aromaterapia? aBuenos Aires (Argentina), cKier, c2002 a128.p.14aAROMATERAPIA